|
|
|
|
| LEADER |
00000nam0a2200000 4500 |
| 001 |
108287 |
| 005 |
20231031115600.0 |
| 035 |
|
|
|a (RuTPU)RU\TPU\book\116896
|
| 035 |
|
|
|a RU\TPU\book\47218
|
| 090 |
|
|
|a 108287
|
| 100 |
|
|
|a 20070118d1983 m y0rusy50 ca
|
| 101 |
0 |
|
|a rus
|
| 102 |
|
|
|a RU
|
| 105 |
|
|
|a y j 000zy
|
| 200 |
1 |
|
|a Русская поэзия XIX века
|f В. И. Коровин
|
| 210 |
|
|
|a Москва
|c Знание
|d 1983
|
| 215 |
|
|
|a 128 с.
|
| 225 |
1 |
|
|a Народный университет. Факультет литературы и искусства
|
| 333 |
|
|
|a Исключено из фонда НТБ ТПУ
|
| 700 |
|
1 |
|a Коровин
|b В. И.
|g Валентин Иванович
|
| 801 |
|
1 |
|a RU
|b 63413507
|c 20021210
|g PSBO
|
| 801 |
|
2 |
|a RU
|b 63413507
|c 20220616
|g PSBO
|
| 942 |
|
|
|c BK
|